| 000 | 00544nam a2200193Ia 4500 | ||
|---|---|---|---|
| 005 | 20250923145056.0 | ||
| 008 | 008 250917s9999 xx 000 0 eng d | ||
| 037 | _aTextual | ||
| 040 |
_aDSWL _beng _cDSWL |
||
| 041 |
_aeng _2eng |
||
| 084 |
_aX8.2'N5, N56 _qDSWL |
||
| 100 |
_aJain, P.C. _9831533 |
||
| 245 | 0 |
_aIndustry and labour in India _cby P.C. Jain |
|
| 260 |
_aAllahabad _bChaitany & Pub. _c1956 |
||
| 365 |
_aINR _b3.00 |
||
| 925 | _g3.00 | ||
| 942 |
_cTEXL _hX8.2'N5, N56 |
||
| 999 |
_c1446798 _d1446798 |
||